Laboratories : a briefing and design guide (Record no. 101970)
[ view plain ]
| 000 -LEADER | |
|---|---|
| fixed length control field | 01003cam a2200253 4500 |
| 008 - FIXED-LENGTH DATA ELEMENTS--GENERAL INFORMATION | |
| fixed length control field | 020403n1995 000 0 eng u |
| 020 ## - INTERNATIONAL STANDARD BOOK NUMBER | |
| International Standard Book Number | 0419194800 |
| 035 ## - SYSTEM CONTROL NUMBER | |
| System control number | (Sirsi) u117309 |
| 041 ## - LANGUAGE CODE | |
| Language code of text/sound track or separate title | eng. |
| 050 ## - LIBRARY OF CONGRESS CALL NUMBER | |
| Classification number | 727.5 |
| 100 ## - MAIN ENTRY--PERSONAL NAME | |
| Personal name | Hain, W. |
| 245 ## - TITLE STATEMENT | |
| Title | Laboratories : a briefing and design guide |
| 260 ## - PUBLICATION, DISTRIBUTION, ETC. | |
| Place of publication, distribution, etc. | London |
| Name of publisher, distributor, etc. | Spon |
| Date of publication, distribution, etc. | 1995 |
| 300 ## - PHYSICAL DESCRIPTION | |
| Extent | vi,133p. |
| Other physical details | ill. |
| Dimensions | 30cm. |
| 350 ## - PRICE (NR) (BK AM CF MU VM SE) [OBSOLETE] | |
| Price | 48.00 |
| 490 ## - SERIES STATEMENT | |
| Series statement | Briefing and Design Guide |
| 520 ## - SUMMARY, ETC. | |
| Summary, etc. | Provides design teams new to laboratories with the information they need to undertake the briefing and design process. Individual chapters discuss the spatial requirements of different types of laboratory, the systems used to fit them out, the equipment used in them, the engineering services they need and their building fabric requirements. |
| 650 ## - SUBJECT ADDED ENTRY--TOPICAL TERM | |
| Topical term or geographic name entry element | LABORATORIES |
| 650 ## - SUBJECT ADDED ENTRY--TOPICAL TERM | |
| Topical term or geographic name entry element | SCIENTIFIC LABORATORIES |
| 650 ## - SUBJECT ADDED ENTRY--TOPICAL TERM | |
| Topical term or geographic name entry element | LABORATORY EQUIPMENT |
| 650 ## - SUBJECT ADDED ENTRY--TOPICAL TERM | |
| Topical term or geographic name entry element | DESIGN GUIDANCE |
| 690 ## - LOCAL SUBJECT ADDED ENTRY--TOPICAL TERM (OCLC, RLIN) | |
| Topical term or geographic name as entry element | BUILT ENVIRONMENT-CONSTRUCTION DESIGN |
| 942 ## - ADDED ENTRY ELEMENTS (KOHA) | |
| Suppress in OPAC | 0 |
| Withdrawn status | Lost status | Source of classification or shelving scheme | Damaged status | Not for loan | Home library | Current library | Shelving location | Date acquired | Cost, normal purchase price | Total Checkouts | Full call number | Barcode | Date last seen | Date last checked out | Copy number | Cost, replacement price | Price effective from | Koha item type |
|---|---|---|---|---|---|---|---|---|---|---|---|---|---|---|---|---|---|---|
| Dewey Decimal Classification | London | London | Folio | 18/04/2002 | 48.00 | 2 | F727.5 HAI | 30065685 | 06/08/2019 | 30/01/2006 | 1 | 48.00 | 06/08/2019 | Book |